Central Library || Chittagong University

Basic concepts of historical geology ./ (Record no. 109926)

MARC details
000 -LEADER
fixed length control field 00487nam a22001697a 4500
003 - CONTROL NUMBER IDENTIFIER
control field BD-ChCU
005 - DATE AND TIME OF LATEST TRANSACTION
control field 20251127141408.0
008 - FIXED-LENGTH DATA ELEMENTS--GENERAL INFORMATION
fixed length control field 251127b bg ||||| |||| 00| 0 ben d
040 ## - CATALOGING SOURCE
Transcribing agency BD-ChCU
082 ## - DEWEY DECIMAL CLASSIFICATION NUMBER
Classification number 551.7 SPBA
100 ## - MAIN ENTRY--PERSONAL NAME
Personal name Spencer , Edgar Winston.
9 (RLIN) 17091
245 ## - TITLE STATEMENT
Title Basic concepts of historical geology ./
Statement of responsibility, etc. Edgar Winston , Spencer.
260 ## - PUBLICATION, DISTRIBUTION, ETC.
Place of publication, distribution, etc. New Delhi :
Name of publisher, distributor, etc. Oxford ,
Date of publication, distribution, etc. C 1970
300 ## - PHYSICAL DESCRIPTION
Extent xvi ,499p
650 #0 - SUBJECT ADDED ENTRY--TOPICAL TERM
Topical term or geographic name entry element Geology , Stratigraphic.
9 (RLIN) 17093
942 ## - ADDED ENTRY ELEMENTS (KOHA)
Source of classification or shelving scheme Dewey Decimal Classification
Koha item type Books
Suppress in OPAC No
Holdings
Withdrawn status Lost status Source of classification or shelving scheme Damaged status Not for loan Home library Current library Shelving location Date acquired Source of acquisition Total Checkouts Full call number Barcode Date last seen Copy number Price effective from Koha item type
    Dewey Decimal Classification     Chittagong University Library Chittagong University Library Science Reading Room 11/27/2025 Purchase   551.7 SPBA 106195 11/27/2025 C-1 11/27/2025 Books
© Copyright 2025. Chittagong University Library, Installation and Maintenance by Prof. Dr. Md. Alamgir, 01711306253